1338 1996 1135 1981 1959 1544 1570 1396 1797 1770 1476 1732 1206 1953 1608 1077 1852 1268 1312 1317 1690 1223 1435 1892 1959 1246 1868 1506 1047 1818 1828 1601 1968 1666 1118 1549 1844 1067 1392 1510 1620 1785 1734 1562 1750 1437 1273 1256 1907 1520 1906 1833 1842 1027 1859 1584 1293 1967 1660 1809 1907 1988 1282 1421 1166 1213 1009 1821 1946 1085 1386 1282 1038 1706 1776 1108 1760 1863 1339 1230 1224 1578 1490 1086 1246 1239 1841 1311 1770 1577 1532 1229 1782 1333 1376 1627 1008 1836 1603 BCNSPRNW ULIB Ver.6.0+V

เปลี่ยนเป็นภาษาไทย

Change to English
 แสดงรายละเอียดบรรณานุกรม
  กลับหน้าหลัก

Brief Record : Get Marc (ISO 2709) : E-mail record : QR code < ปิดหน้าต่าง
LEADER : 00000nam 2200000uu 4500
001    13399112059
003     ULIB
008    110725s2550||||th 000 0 tha d
020    9742131147
020    9789742131142
050  4 H62^bย351ห 2550
100 0  ยุทธ ไกยวรรณ์
245 10 หลักการทำวิจัยและการทำวิทยานิพนธ์ /^cยุทธ ไกยวรรณ์
260    กรุงเทพฯ :^bศูนย์สื่อเสริมกรุงเทพ,^c2550
300    274 หน้า :^bภาพประกอบ ;^c26 ซม.
650  7 สังคมศาสตร์^xวิจัย
650  7 วิทยานิพนธ์^xการเขียน
650  7 การเขียนทางวิชาการ
945    ^p165^l0^i026926
945    ^p165^l0^i026927
995    ทศพร
999 ^a ทศพร
รายการนี้ยังไม่มีแท็ก
คุณยังไม่ได้ล็อกอิน คุณสามารถมีกิจกรรมร่วมกับเว็บไซต์ได้ แต่ต้องล็อกอินก่อน ::
  ล็อกอิน

รายการสื่อสารสนเทศ

ลำดับที่ ประเภท เลขเรียก/บาร์โค้ด สถานที่ สถานะ
- ไม่พบข้อมูล -

รายการใกล้เคียง
    ผู้แต่ง [ยุทธ ไกยวรรณ์]

    หัวเรื่อง [การเขียนทางวิชาการ]

BibComment


ยังไม่เคยถูกคอมเมนท์

คอมเมนท์ทรัพยากรรายการนี้
  คอมเมนท์: หลักการทำวิจัยและ..


 Copyright 2026. Bcnsprnw @Library